XV de la décennie World Rugby - Statistiques

Statistiques générales
  • Ce quiz a été pris 57 fois
  • Le résultat moyen est 8 sur 15
Statistiques - réponses
Pack Poste Pays Joueurs % Correct
Arrières 10 Dan Carter
96%
Avants 8 Sergio Parisse
85%
Avants 7 Richie McCaw
79%
Arrières 11 Bryan Habana
72%
Arrières 14 George North
62%
Arrières 13 Brian O'Driscoll
58%
Avants 4 Brodie Retallick
57%
Arrières 9 Conor Murray
57%
Arrières 12 Ma'a Nonu
57%
Avants 5 Sam Whitelock
53%
Arrières 15 Ben Smith
49%
Avants 6 David Pocock
32%
Avants 1 Tendai Mtawarira
21%
Avants 2 Bismarck du Plessis
19%
Avants 3 Owen Franks
9%
Aucun quiz correspondant
Distribution des résultats
% des personnes avec chaque résultat
Percentile par nombre de réponses
Votre historique - résultats
Vous n’avez pas pris ce quiz